[Event "Martorell op-B"]
[Site "Martorell"]
[Date "1997.??.??"]
[Round "8"]
[White "Gomez Serra, Artur"]
[Black "Vives Miret, Roger"]
[Result "1-0"]
[WhiteElo "1930"]
[BlackElo "1870"]
[PlyCount "79"]
[EventDate "1997.09.??"]
[EventType "swiss"]
[EventRounds "8"]
[EventCountry "ESP"]
[SourceTitle "EXT 2003"]
[Source "ChessBase"]
[SourceDate "2002.11.25"]
[SourceVersion "1"]
[SourceVersionDate "2002.11.25"]
[SourceQuality "1"]

1. e4 e5 2. Nf3 Nc6 3. Bb5 a6 4. Ba4 Nf6 5. d3 b5 6. Bb3 Na5 7. Nxe5 Nxb3 8. axb3 Bb7 9. Nc3 Bd6 10. Nf3 Qe7 11. Bg5 h6 12. Bh4 g5 13. Bg3 Bxg3 14. fxg3 0-0-0 15. Qd2 d5 16. e5 d4 17. Ne2 Bxf3 18. gxf3 Qxe5 19. 0-0 Rhe8 20. Rfe1 Kb7 21. Qa5 Re6 22. Nf4 Qxe1+ 23. Rxe1 gxf4 24. Rxe6 fxe6 25. Qb4 Rd6 26. g4 e5 27. h4 Nd5 28. Qc5 Ne3 29. c4 bxc4 30. bxc4 Rb6 31. Qxe5 Rxb2 32. Qxd4 Rg2+ 33. Kh1 Rf2 34. Qxf4 Rf1+ 35. Kh2 Rf2+ 36. Kg3 Re2 37. Qxh6 Nf1+ 38. Kf4 Rf2 39. g5 Nd2 40. Ke3 1-0